|
|
|
|
| LEADER |
00000naa0a2200000 4500 |
| 001 |
657653 |
| 005 |
20250624105304.0 |
| 035 |
|
|
|a (RuTPU)RU\TPU\network\24292
|
| 035 |
|
|
|a RU\TPU\network\23968
|
| 090 |
|
|
|a 657653
|
| 100 |
|
|
|a 20180302d2017 k y0rusy50 ca
|
| 101 |
0 |
|
|a rus
|
| 102 |
|
|
|a RU
|
| 135 |
|
|
|a drcn ---uucaa
|
| 181 |
|
0 |
|a i
|
| 182 |
|
0 |
|a b
|
| 200 |
1 |
|
|a Лабораторная оценка петрофизических свойств пород баженовской свиты в пределах Александровского мегавала
|d Laboratory evaluation of petrophysical properties of The Bazhenov Formation within limits of Aleksandrovsky Megaswell
|f А. М. Горшков, Л. К. Кудряшова, О. С. Ли-Ван-Хе
|
| 203 |
|
|
|a Текст
|c электронный
|
| 225 |
1 |
|
|a Поиск и разведка месторождений нефти и газа
|
| 300 |
|
|
|a Заглавие с экрана
|
| 463 |
|
|
|t Трофимуковские чтения - 2017
|o материалы Всероссийской молодежной научной конференции с участием иностранных ученых, г. Новосибирск, 8-14 октября 2017 г.
|f Российская академия наук (РАН), Сибирское отделение (СО), Институт нефтегазовой геологии и геофизики им. А. А. Трофимука (ИНГГ) ; Новосибирский государственный университет (НГУ)
|v [С. 57-60]
|d 2017
|
| 510 |
1 |
|
|a Laboratory evaluation of petrophysical properties of The Bazhenov Formation within limits of Aleksandrovsky Megaswell
|z eng
|
| 610 |
1 |
|
|a электронный ресурс
|
| 610 |
1 |
|
|a труды учёных ТПУ
|
| 610 |
1 |
|
|a баженовская свита
|
| 610 |
1 |
|
|a ультранизкопроницаемые породы
|
| 610 |
1 |
|
|a открытая пористость
|
| 610 |
1 |
|
|a газоволюметрический метод
|
| 610 |
1 |
|
|a жидкостенасыщение
|
| 610 |
1 |
|
|a проницаемость
|
| 700 |
|
1 |
|a Горшков
|b А. М.
|c специалист в области нефтегазового дела
|c инженер Томского Политехнического унивеситета
|f 1989-
|g Антон Михайлович
|3 (RuTPU)RU\TPU\pers\30422
|
| 701 |
|
1 |
|a Кудряшова
|b Л. К.
|c геолог
|c доцент Томского политехнического университета, кандидат геолого-минералогических наук
|f 1990-
|g Лидия Константиновна
|3 (RuTPU)RU\TPU\pers\31840
|9 15934
|
| 701 |
|
1 |
|a Ли-Ван-Хе
|b О. С.
|g Оксана Сергеевна
|
| 712 |
0 |
2 |
|a Национальный исследовательский Томский политехнический университет (ТПУ)
|b Институт природных ресурсов (ИПР)
|b Кафедра геологии и разведки полезных ископаемых (ГРПИ)
|3 (RuTPU)RU\TPU\col\18660
|
| 712 |
0 |
2 |
|a Национальный исследовательский Томский политехнический университет (ТПУ)
|b Институт природных ресурсов (ИПР)
|b Центр подготовки и переподготовки специалистов нефтегазового дела (ЦППС НД)
|b Лаборатория геологии месторождений нефти и газа (ЛГМНГ)
|3 (RuTPU)RU\TPU\col\19125
|
| 801 |
|
2 |
|a RU
|b 63413507
|c 20180302
|g RCR
|
| 850 |
|
|
|a 63413507
|
| 856 |
4 |
|
|u http://conf.ict.nsc.ru/files/conferences/trofimuk2017/434271/Трофимуковские%20чтения%20-%202017.pdf#page=57
|
| 942 |
|
|
|c CF
|